000
00155nam a22000857a 4500
082
_a
823
100
_a
MIKE THALER
245
_a
THE BULLY BROTHERS
942
_c
BK
999
_c
8154
_d
8154